[Event "Glorney 2019"]
[Site "?"]
[Date "2019.07.23"]
[Round "5.13"]
[White "Kokje, Joris"]
[Black "Weisman, Nathan"]
[Result "1/2-1/2"]
[WhiteElo "2207"]
[BlackElo "2071"]
[PlyCount "262"]
[EventDate "2019.??.??"]

1. d4 Nf6 2. c4 e6 3. Nf3 d5 4. g3 Be7 5. Bg2 O-O 6. O-O dxc4 7. a4 c5 8. dxc5
Qa5 9. Qc2 Qxc5 10. Be3 Qa5 11. Qxc4 Nc6 12. Nc3 e5 13. Rfd1 Be6 14. Qb5 Qc7
15. Rac1 Rfd8 16. Ng5 Bg4 17. Qc4 Bh5 18. Nd5 Nxd5 19. Bxd5 Bf8 20. Nf3 Qd7 21.
Kg2 Nb4 22. Be4 Bxf3+ 23. Bxf3 Qxa4 24. Rxd8 Rxd8 25. Bxb7 Qd7 26. Bf3 Bd6 27.
Bc5 Bxc5 28. Qxc5 Qd4 29. Qxd4 exd4 30. Rc4 a5 31. Rc5 d3 32. exd3 Nxd3 33. Rc3
Nxb2 34. Be2 g6 35. Ra3 a4 36. Bb5 Rb8 37. Bc6 Rb4 38. Re3 Kg7 39. Re7 Kf6 40.
Ra7 Nc4 41. Bxa4 Nd6 42. Ra6 Rd4 43. Bb3 Rd3 44. Bc4 Rd4 45. Be2 Kg7 46. Ra7
Re4 47. Bf3 Rd4 48. h4 h6 49. h5 gxh5 50. Bxh5 Rd5 51. Bf3 Rd4 52. Bh5 Rd5 53.
Be2 Rd2 54. Kf3 Rd4 55. Ke3 Nf5+ 56. Kf3 Nd6 57. Ra5 Rb4 58. Bd3 Rb3 59. Rd5
Ne8 60. Ke3 Nf6 61. Rd4 Ra3 62. Kf4 Ra2 63. Kf3 Ra3 64. Kg2 Ra2 65. Rb4 Rd2 66.
Bf5 Rd5 67. Bc2 Rd2 68. Bb3 Rd7 69. Bc2 Rd2 70. Bb3 Rd7 71. Kf3 Rd3+ 72. Ke2
Rd7 73. Kf1 Ra7 74. f3 Re7 75. Kf2 Rd7 76. Rb5 Re7 77. Rb4 Rd7 78. Rb5 Re7 79.
g4 Rc7 80. Kg3 Re7 81. Kf2 Rc7 82. Kg3 Re7 83. Rb6 Rd7 84. Rb8 Re7 85. Kf4 Rc7
86. Rb5 Ne8 87. Rb6 Nf6 88. Rb8 Ra7 89. Bc2 Rc7 90. Bd3 Rd7 91. Bf5 Ra7 92. Rc8
Nd5+ 93. Kg3 Ne7 94. Rc5 Nxf5+ 95. Rxf5 Ra4 96. Rb5 Rc4 97. Ra5 Rb4 98. Ra6 Rb1
99. Ra5 Rb4 100. Ra3 Rc4 101. Rb3 Ra4 102. Rc3 Rb4 103. Ra3 Rc4 104. f4 Rb4
105. Rf3 Rb1 106. Rc3 Rb4 107. Ra3 Rc4 108. Kf3 Rb4 109. Re3 Ra4 110. Re4 Ra3+
111. Re3 Ra4 112. Rd3 Rb4 113. Ke3 Rb6 114. Rd4 Rb3+ 115. Ke4 Rb6 116. Rd5 Rg6
117. Kf3 Ra6 118. Rd4 Ra3+ 119. Ke4 Ra6 120. f5 Ra5 121. Kf4 Rb5 122. Rd6 Rb4+
123. Kf3 Rb3+ 124. Ke4 Rb4+ 125. Kf3 Rb3+ 126. Kf4 Rb4+ 127. Kg3 Rb3+ 128. Kh4
Rb1 129. Kg3 Rb3+ 130. Kf4 Rb4+ 131. Kg3 Rb3+ 1/2-1/2

[Event "Glorney 2019"]
[Site "?"]
[Date "2019.07.23"]
[Round "5.14"]
[White "Mahieu, Luc"]
[Black "Gijsen, William"]
[Result "1/2-1/2"]
[WhiteElo "2049"]
[BlackElo "2005"]
[PlyCount "226"]
[EventDate "2019.??.??"]

1. e4 c5 2. Nf3 e6 3. d4 cxd4 4. Nxd4 Nf6 5. Nc3 Bb4 6. e5 Nd5 7. Bd2 Nxc3 8.
bxc3 Be7 9. Qg4 Kf8 10. Bd3 Nc6 11. Nxc6 bxc6 12. O-O h5 13. Qe2 d6 14. f4 g6
15. c4 d5 16. cxd5 cxd5 17. Rab1 Bc5+ 18. Kh1 Bd7 19. Bb4 Qe7 20. Bxc5 Qxc5 21.
Qe1 h4 22. h3 Bc6 23. Qe2 Rc8 24. Qg4 Ke7 25. Rfe1 Kd7 26. Qe2 Rb8 27. Qd2 Rb6
28. Rxb6 axb6 29. Rb1 Ra8 30. Qe1 Rh8 31. Qd2 Ra8 32. Qe1 Rh8 33. Qd2 Rb8 34.
Qe1 Rh8 35. Qd2 Qd4 36. Rf1 Ke7 37. Qe1 Qc5 38. Qd2 d4 39. Qf2 Qd5 40. Be2 Qc5
41. Bd3 Bd5 42. a3 Qxa3 43. Qxd4 Qc5 44. Qxc5+ bxc5 45. Ra1 Rb8 46. c4 Ra8 47.
Rxa8 Bxa8 48. Kh2 Bc6 49. g3 hxg3+ 50. Kxg3 f5 51. Kf2 Kd7 52. Ke3 Kc7 53. Be2
Kb6 54. Kd2 Ka5 55. Kc3 Be4 56. h4 Bc6 57. Bd1 Be8 58. Bc2 Ba4 59. Bd3 Bd1 60.
Kd2 Bf3 61. Kc3 Ka4 62. Bc2+ Ka3 63. Bb3 Be2 64. Bc2 Bf3 65. Bb3 Bc6 66. Bc2
Bd7 67. Bd1 Be8 68. Bc2 Ka2 69. Bd3 Ba4 70. Be2 Be8 71. Bd1 Kb1 72. Bc2+ Kc1
73. Bb3 Bc6 74. Bc2 Be8 75. Bb3 Bd7 76. Bc2 Bc6 77. Bb3 Kb1 78. Bc2+ Ka2 79.
Bd3 Ba4 80. Be2 Kb1 81. h5 gxh5 82. Bxh5 Kc1 83. Bf7 Bd7 84. Bh5 Kb1 85. Bf3
Ka2 86. Bh5 Ka3 87. Bd1 Be8 88. Bf3 Ka4 89. Bd1+ Ka5 90. Bf3 Kb6 91. Bd1 Kc7
92. Bf3 Kd8 93. Kd2 Ke7 94. Ke3 Ba4 95. Be2 Bb3 96. Kd3 Ba4 97. Ke3 Bc6 98. Bd1
Kf7 99. Kf2 Be4 100. Be2 Bc2 101. Kf3 Kg6 102. Kg3 Kh6 103. Kh4 Be4 104. Kg3
Kg6 105. Kf2 Bc2 106. Kg3 Ba4 107. Kf2 Bb3 108. Kg3 Kh6 109. Kh4 Ba4 110. Bf3
Bc2 111. Be2 Be4 112. Kg3 Bc6 113. Kh4 Be4 1/2-1/2

[Event "Glorney 2019"]
[Site "?"]
[Date "2019.07.23"]
[Round "5.15"]
[White "Klein, Jorik"]
[Black "Rachid, Alexandre"]
[Result "0-1"]
[WhiteElo "1801"]
[BlackElo "2007"]
[PlyCount "78"]
[EventDate "2019.??.??"]

1. e4 c5 2. Nf3 d6 3. d4 cxd4 4. Nxd4 Nf6 5. Nc3 g6 6. Be2 Bg7 7. O-O O-O 8.
Be3 Nc6 9. Kh1 Bd7 10. f3 Rc8 11. Nxc6 Bxc6 12. Qd2 d5 13. exd5 Nxd5 14. Nxd5
Qxd5 15. Qxd5 Bxd5 16. c3 a6 17. Rfd1 e6 18. Bd4 f6 19. b3 b5 20. Rac1 Rc6 21.
Rb1 Rfc8 22. a4 bxa4 23. bxa4 Bc4 24. Bxc4 Rxc4 25. Rb4 e5 26. Rxc4 Rxc4 27.
Bb6 Rxa4 28. h3 Bh6 29. Rd8+ Kf7 30. Rd7+ Ke6 31. Rxh7 Ra1+ 32. Kh2 Bf4+ 33. g3
Ra2+ 34. Kg1 Bxg3 35. c4 Kf5 36. Rf7 Bh4 37. Bd8 Rc2 38. Rh7 Rxc4 39. Kf1 Bg5
0-1

[Event "Gilbert"]
[Site "?"]
[Date "2019.07.22"]
[Round "1.4"]
[White "Sivarajasingam, Shayanna"]
[Black "Cordes, Jule"]
[Result "1/2-1/2"]
[WhiteElo "1784"]
[BlackElo "1554"]
[PlyCount "51"]
[EventDate "2019.??.??"]

1. e4 c5 2. Nf3 e6 3. c4 Nc6 4. Nc3 Nd4 5. d3 Ne7 6. Nxd4 cxd4 7. Ne2 e5 8. Ng3
b5 9. b3 Ng6 10. Be2 Bb4+ 11. Bd2 Qa5 12. Bxb4 Qxb4+ 13. Qd2 Qxd2+ 14. Kxd2
bxc4 15. bxc4 d6 16. Rhb1 Nf4 17. Bf1 g6 18. Ne2 Ne6 19. Rb4 O-O 20. Rab1 Ba6
21. Nc1 Nc5 22. Nb3 Nd7 23. Ra4 Bc8 24. Na5 Nb6 25. Ra3 Bd7 26. Rab3 1/2-1/2

[Event "Gilbert"]
[Site "?"]
[Date "2019.07.22"]
[Round "1.5"]
[White "Monteny, Pascalle"]
[Black "Fraser, Susanna"]
[Result "1-0"]
[WhiteElo "1535"]
[BlackElo "1740"]
[Annotator "John"]
[PlyCount "183"]
[EventDate "2019.??.??"]

{[%evp 0,183,34,22,19,25,25,-11,9,-33,13,13,13,13,12,19,19,20,2,7,2,4,56,2,-27,
-52,-7,-57,-55,-55,-55,-55,-61,-61,-63,-97,0,-101,-69,-184,-61,-114,-61,-109,
-105,-49,-46,-46,-34,-56,-54,-54,-48,-53,-26,-48,-33,-33,-23,-19,0,-29,0,4,0,0,
0,0,0,-20,-12,-17,-4,0,0,-8,0,-21,-16,-13,-13,-14,25,0,0,-11,-6,-51,-6,-58,-68,
-109,-80,-87,-23,-23,0,0,0,0,0,0,0,0,0,0,0,0,0,0,0,-46,0,-59,104,108,104,104,
100,100,100,104,100,100,96,96,96,0,0,0,0,0,0,-515,-515,-515,-515,-735,-505,
-505,-505,-505,-515,-515,-515,-525,-525,-525,-525,-525,-525,-525,-525,-525,
-525,-525,-535,-535,-535,-545,-545,-555,-545,-545,-545,-545,-545,-555,-545,
-555,-555,-555,-525,-525,-525,-545,-545,-545,-555,-555,-545,-545,-545,-545,
-545,-545]} 1. e4 e5 2. Nf3 Nc6 3. d4 exd4 4. Bc4 Bb4+ 5. c3 dxc3 6. O-O Nge7
7. a3 Bc5 8. Nxc3 O-O 9. b4 Bb6 10. Bb2 a6 11. Ne2 d6 12. Qb3 Ng6 13. Qc3 Nge5
14. Nxe5 dxe5 15. Rad1 Qf6 16. Qg3 Be6 17. Bxe6 Qxe6 18. Kh1 Rad8 19. f4 Nd4
20. Nxd4 Bxd4 21. Bxd4 Rxd4 22. f5 Rxd1 23. Rxd1 Qf6 24. Qd3 Qc6 25. h3 h6 26.
Kh2 Rc8 27. Kh1 Ra8 28. Kh2 Qe8 29. Qd5 c6 30. Qd6 f6 31. Qc7 Qc8 32. Qd6 Rb8
33. Qe7 Qf8 34. Qd7 Qf7 35. Qxf7+ Kxf7 36. Rd7+ Kf8 37. Kg3 a5 38. bxa5 Ra8 39.
Rxb7 Rxa5 40. Rb3 Rb5 41. Rc3 c5 42. Kf3 Ke7 43. Ke3 Rb2 44. Kf3 Kd6 45. g4 Ra2
46. Kg3 Kc6 47. Kh4 Re2 48. Kh5 Rd2 49. Kg6 Rd7 50. a4 Rc7 51. Rc4 Kb6 52. Kh7
Ra7 53. Kg6 Rd7 54. h4 Kc6 55. g5 hxg5 56. hxg5 Rd4 57. Rc1 fxg5 58. Kxg7 Rxe4
59. f6 Rxa4 60. f7 Rf4 61. f8=Q Rxf8 62. Kxf8 Kd5 63. Rd1+ Kc4 64. Ke7 e4 65.
Rd6 e3 66. Rd1 e2 67. Rg1 Kd3 68. Kd6 Kd2 69. Rxg5 e1=Q 70. Rd5+ Kc3 71. Rxc5+
Kb4 72. Rd5 Qg3+ 73. Ke6 Kc4 74. Rf5 Qg6+ 75. Ke5 Qe8+ 76. Kf4 Kd4 77. Kg5 Qe7+
78. Kg4 Qg7+ 79. Kf4 Qg6 80. Rg5 Qe4+ 81. Kg3 Qe3+ 82. Kg4 Ke4 83. Rg6 Qf4+ 84.
Kh5 Qh2+ 85. Kg4 Qf2 86. Re6+ Kd5 87. Rg6 Ke5 88. Rg5+ Ke4 89. Kh5 Qf6 90. Rg4+
Kf3 91. Rg3+ Kf2 92. Rg5 {Black lost on time.} 1-0

[Event "Gilbert"]
[Site "?"]
[Date "2019.07.22"]
[Round "1.6"]
[White "Mcintosh, Rachel"]
[Black "Van Essen, Marieke"]
[Result "1-0"]
[WhiteElo "1525"]
[BlackElo "1437"]
[PlyCount "77"]
[EventDate "2019.??.??"]

1. e4 e5 2. Nf3 Nc6 3. d4 exd4 4. Nxd4 Qf6 5. Be3 Bc5 6. c3 d6 7. Be2 Qg6 8.
O-O Nf6 9. Bd3 Ne5 10. f3 d5 11. Bf4 Nxd3 12. Qxd3 c6 13. Re1 O-O 14. Nd2 Re8
15. Re2 Bd7 16. Rae1 Re7 17. N2b3 Nh5 18. Qd2 Nxf4 19. Qxf4 Bb6 20. Kf1 c5 21.
exd5 Rxe2 22. Nxe2 Qd3 23. c4 Re8 24. Qc1 Ba4 25. Qc3 Qe3 26. Qxe3 Rxe3 27. Kf2
Re8 28. Nc3 Rxe1 29. Kxe1 Bd7 30. Ne4 Bf5 31. Nexc5 Bxc5 32. Nxc5 b6 33. Ne4
Kf8 34. Kd2 Ke7 35. Ke3 Bd7 36. Kd4 f5 37. Nd2 Kd6 38. b4 Be8 39. c5+ 1-0

[Event "Gilbert"]
[Site "?"]
[Date "2019.07.22"]
[Round "1.7"]
[White "Ferguson, Dayna"]
[Black "Graham, Cassie M"]
[Result "0-1"]
[WhiteElo "1624"]
[BlackElo "2005"]
[PlyCount "124"]
[EventDate "2019.??.??"]

1. d4 Nf6 2. Nf3 g6 3. Bf4 Bg7 4. e3 d6 5. h3 O-O 6. Be2 Nfd7 7. Bh2 e5 8. O-O
Nc6 9. c3 Kh8 10. a3 f5 11. Qc1 Qe7 12. d5 Nd8 13. c4 Nf7 14. Nc3 a6 15. Rb1
Ng5 16. b4 Nxf3+ 17. Bxf3 Qf6 18. Bd1 e4 19. Ne2 Ne5 20. Bb3 Bd7 21. a4 a5 22.
Bxe5 Qxe5 23. b5 b6 24. Qd2 Rae8 25. Rbe1 Qf6 26. Ba2 Qh4 27. Bb3 Be5 28. f4
Bg7 29. Kh2 h6 30. g3 Qf6 31. Rg1 Rf7 32. Rg2 Kh7 33. Reg1 Qe7 34. Nd4 Bf6 35.
Ba2 Rg8 36. Qf2 Bxd4 37. exd4 Qf6 38. Qe3 g5 39. Bb1 gxf4 40. gxf4 Rfg7 41.
Rxg7+ Rxg7 42. Rxg7+ Kxg7 43. Qg3+ Kh7 44. Qe3 Be8 45. Bc2 Bh5 46. Qf2 Bf3 47.
c5 Qg6 48. cxb6 cxb6 49. Bb3 Qg7 50. Bc4 Bd1 51. Qa2 Qxd4 52. Bb3 Bxb3 53. Qxb3
Qf2+ 54. Kh1 Qxf4 55. Qc4 Qf3+ 56. Kh2 Qf2+ 57. Kh1 Qc5 58. Qb3 f4 59. Qd1 f3
60. Qd2 Qc4 61. Qd1 Qe2 62. Qg1 f2 0-1

[Event "Gilbert"]
[Site "?"]
[Date "2019.07.22"]
[Round "1.8"]
[White "Raghavendra, Mahima"]
[Black "Mihaylova, Aliona"]
[Result "1-0"]
[WhiteElo "1731"]
[BlackElo "1575"]
[PlyCount "75"]
[EventDate "2019.??.??"]

1. d4 d5 2. Nf3 c6 3. g3 Nf6 4. Bg2 e6 5. O-O Bd6 6. Nbd2 Nbd7 7. c4 e5 8. dxe5
Nxe5 9. Nxe5 Bxe5 10. Qc2 O-O 11. Rd1 Qe7 12. cxd5 Nxd5 13. Nc4 Bc7 14. e4 Nb6
15. Ne3 Be6 16. f4 f6 17. a4 Qb4 18. a5 Bb3 19. Qd2 Qxd2 20. Rxd2 Nc4 21. Nxc4
Bxc4 22. Rd7 Rf7 23. Rd4 Bb5 24. Be3 b6 25. b4 bxa5 26. bxa5 Rd8 27. Bh3 Re7
28. Bf5 Kf7 29. Rxd8 Bxd8 30. Bc5 Re8 31. Bxa7 g6 32. Bh3 Rxe4 33. a6 Bc7 34.
Bc5 Re8 35. a7 Ra8 36. Re1 Bd8 37. Be6+ Kg7 38. Rd1 1-0

[Event "Gilbert"]
[Site "?"]
[Date "2019.07.22"]
[Round "1.9"]
[White "Ryder, Kynesha"]
[Black "Bridgeman, Niamh"]
[Result "0-1"]
[WhiteElo "1510"]
[BlackElo "1523"]
[PlyCount "72"]
[EventDate "2019.??.??"]

1. e4 e6 2. d3 d5 3. Nd2 c5 4. Ngf3 Nc6 5. g3 g6 6. Bg2 Bg7 7. O-O Nge7 8. c3
b6 9. Re1 h6 10. Qc2 a5 11. Nf1 Ba6 12. exd5 exd5 13. Bf4 Ra7 14. Ne5 O-O 15.
Re2 g5 16. Nxc6 Nxc6 17. Bd2 Ne5 18. c4 dxc4 19. dxc4 Bxc4 20. Rxe5 Bd3 21. Qc3
Bxf1 22. Rd5 Bxc3 23. Rxd8 Rxd8 24. Bxc3 Bxg2 25. Kxg2 Rad7 26. Re1 Kh7 27. g4
Kg6 28. Re5 Rc8 29. Rf5 Rc6 30. Re5 Re6 31. Rf5 h5 32. h3 Rd3 33. Bh8 hxg4 34.
hxg4 f6 35. Kf1 Rd1+ 36. Kg2 Rd8 0-1

[Event "Gilbert"]
[Site "?"]
[Date "2019.07.22"]
[Round "2.4"]
[White "Cordes, Jule"]
[Black "Ferguson, Dayna"]
[Result "0-1"]
[WhiteElo "1554"]
[BlackElo "1624"]
[PlyCount "82"]
[EventDate "2019.??.??"]

1. d4 d5 2. c4 dxc4 3. Nf3 Nf6 4. e3 b5 5. a4 c6 6. Nc3 b4 7. Na2 e6 8. Bxc4
Bb7 9. Bd2 a5 10. Nc1 Be7 11. Nd3 Nbd7 12. Rc1 Rc8 13. O-O O-O 14. Nde5 h6 15.
Qb3 Kh8 16. Bxe6 fxe6 17. Ng6+ Kh7 18. Nxf8+ Nxf8 19. Qd3+ Kg8 20. Ne5 Bd6 21.
Ng6 c5 22. Nxf8 Kxf8 23. Rfd1 Ng4 24. h3 Qh4 25. Be1 Nh2 26. f4 Nf3+ 27. Kf1
Nxe1 28. Rxe1 Qg3 29. Qe2 Be7 30. Qf2 Qh2 31. Qg1 Ba6+ 32. Kf2 Bh4+ 33. Kf3
Qg3+ 34. Ke4 Qg6+ 35. Kf3 Qh5+ 36. g4 Qd5+ 37. e4 Qb3+ 38. Qe3 Qxb2 39. Red1
Qh2 40. Rd3 Bxd3 41. Qxd3 Qf2# 0-1

[Event "Gilbert"]
[Site "?"]
[Date "2019.07.22"]
[Round "2.5"]
[White "Mihaylova, Aliona"]
[Black "Monteny, Pascalle"]
[Result "1-0"]
[WhiteElo "1575"]
[BlackElo "1535"]
[PlyCount "135"]
[EventDate "2019.??.??"]

1. d4 d5 2. Nf3 Nf6 3. c4 c6 4. Nc3 e6 5. e3 Nbd7 6. Qc2 Be7 7. Bd3 O-O 8. O-O
dxc4 9. Bxc4 b5 10. Bd3 Bb7 11. a3 a5 12. Rb1 b4 13. Ne4 Qb6 14. axb4 axb4 15.
Nxf6+ Nxf6 16. e4 b3 17. Qe2 Ba6 18. Be3 Bxd3 19. Qxd3 Ng4 20. Nd2 Nxe3 21.
fxe3 Rab8 22. Rbc1 Rfd8 23. Nc4 Qb5 24. Ne5 Qxd3 25. Nxd3 Rdc8 26. Ne5 c5 27.
d5 exd5 28. exd5 f6 29. Nc6 Rb7 30. Rc3 Bd6 31. Na5 Ra7 32. Nxb3 Ra2 33. Rc2 c4
34. Rfc1 Ra4 35. Nd2 Ra5 36. e4 Bc5+ 37. Kf1 Be3 38. Re1 Bxd2 39. Rxd2 Rd8 40.
g4 Kf7 41. Rc1 Ra4 42. Ke2 Rb4 43. Rdc2 Kg6 44. Rxc4 Rxb2+ 45. R1c2 Rb3 46.
R4c3 Rb4 47. Kf3 Kg5 48. Re2 Rd4 49. Rc7 Kh6 50. Re3 g5 51. Rc6 Kg7 52. Rcc3
Kg6 53. Rcd3 Rb4 54. e5 fxe5 55. Rxe5 Rf4+ 56. Kg3 Kf6 57. Rxg5 Kxg5 58. h4+
Kf6 59. Kxf4 h6 60. Ke4 Rd6 61. Rf3+ Kg6 62. Ke5 Rd8 63. Rf6+ Kg7 64. h5 Re8+
65. Re6 Rd8 66. d6 Rd7 67. Rg6+ Kh7 68. Ke6 1-0

[Event "Gilbert"]
[Site "?"]
[Date "2019.07.22"]
[Round "2.6"]
[White "Van Essen, Marieke"]
[Black "Ryder, Kynesha"]
[Result "1/2-1/2"]
[WhiteElo "1437"]
[BlackElo "1510"]
[PlyCount "33"]
[EventDate "2019.??.??"]

1. e4 e5 2. Nf3 Nf6 3. Nxe5 d6 4. Nf3 Nxe4 5. Nc3 Nxc3 6. dxc3 Be7 7. Be3 Nc6
8. Qd2 a6 9. O-O-O Be6 10. Kb1 Qd7 11. h4 O-O-O 12. Ng5 Kb8 13. Bd3 h6 14. Nxe6
fxe6 15. c4 Ne5 16. Be2 Bf6 17. f4 1/2-1/2

[Event "Gilbert"]
[Site "?"]
[Date "2019.07.22"]
[Round "2.7"]
[White "Toure, Shanthi"]
[Black "Sivarajasingam, Shayanna"]
[Result "1/2-1/2"]
[WhiteElo "1915"]
[BlackElo "1784"]
[PlyCount "89"]
[EventDate "2019.??.??"]

1. e4 e6 2. d4 d5 3. Nc3 dxe4 4. Nge2 Nd7 5. Nxe4 Ngf6 6. N2g3 Nxe4 7. Nxe4 Nf6
8. Bd3 Be7 9. c3 O-O 10. O-O c6 11. Bf4 Nxe4 12. Bxe4 Bd6 13. Qf3 Qc7 14. Bxd6
Qxd6 15. Rad1 Qc7 16. Rd3 f5 17. Re3 fxe4 18. Qxe4 Rf4 19. Qd3 Qf7 20. Rg3 Bd7
21. f3 Rf8 22. Re1 Qf5 23. Qd2 Qf6 24. Re5 Rf5 25. Re4 Be8 26. Qe3 Bf7 27. h4
Re8 28. Rh3 e5 29. g4 Qg6 30. Kh2 Rf4 31. Rxe5 Rxe5 32. Qxe5 Rf6 33. Qb8+ Be8
34. Qxb7 Qc2+ 35. Kg3 Qd3 36. Kf2 Qd2+ 37. Kg3 Qe1+ 38. Kg2 Qe2+ 39. Kg1 Rf8
40. h5 Rxf3 41. Rxf3 Qxf3 42. Qc8 Qf8 43. a3 Qf7 44. Qb8 Qd7 45. Kh2 1/2-1/2

[Event "Gilbert"]
[Site "?"]
[Date "2019.07.22"]
[Round "2.8"]
[White "Fraser, Susanna"]
[Black "El Barbry, Sarah"]
[Result "1/2-1/2"]
[WhiteElo "1740"]
[BlackElo "1857"]
[Annotator "Harding,Tim"]
[PlyCount "132"]
[EventDate "2019.??.??"]

1. d4 Nf6 2. Nf3 d5 3. c4 c6 4. g3 Bf5 5. Bg2 e6 6. O-O Bd6 7. Nbd2 O-O 8. b3
Nbd7 9. Bb2 Re8 10. Re1 h6 11. Qc1 e5 12. dxe5 Nxe5 13. Nxe5 Bxe5 14. Bxe5 Rxe5
15. cxd5 cxd5 16. Qb2 Re7 17. Rad1 Qb6 18. Nf3 Rc8 19. Nd4 Bg6 20. Qa3 Rec7 21.
Bh3 Re8 22. Qb2 Ne4 23. Rc1 Rce7 24. Bg2 Qf6 25. e3 a6 26. Qe2 Ng5 27. Qd2 h5
28. h4 Ne4 29. Qb2 Qd6 30. Ne2 Qb6 31. Nf4 Re5 32. Nxg6 fxg6 33. Rf1 Rf5 34.
Rcd1 Ref8 35. Bxe4 dxe4 36. Qd4 Qf6 37. Rd2 Rf3 38. Kg2 Qe7 39. Qd6 Qe8 40.
Qd5+ R8f7 41. Rd4 Kh7 42. Qxe4 Qf8 43. Rd2 Kh6 44. Qe5 R7f5 45. Qd6 Qf7 46. Qd7
Qf6 47. Qxb7 Rxe3 48. Qd7 Re7 49. Qc8 g5 50. hxg5+ Kxg5 51. Qd8 Re6 52. Qxf6+
Rexf6 53. Rd7 Kg6 54. Ra7 Ra5 55. a4 Rb6 56. Rb1 Rd5 57. Rb2 Rdd6 58. Ra8 Rb4
59. Rc8 Rdb6 60. Rc3 Kf7 61. Kf3 g6 62. Ke2 Rxa4 63. Rf3+ Kg7 64. Kd2 Rab4 65.
Kc2 a5 66. Ra2 R4b5 {... Scoresheets indecipherable beyond this point.
Eventually drawn in about 102 moves in Q ending.} 1/2-1/2

[Event "Gilbert"]
[Site "?"]
[Date "2019.07.22"]
[Round "2.9"]
[White "Randrianarimanana, Alicia"]
[Black "Mcintosh, Rachel"]
[Result "1-0"]
[WhiteElo "1800"]
[BlackElo "1525"]
[PlyCount "79"]
[EventDate "2019.??.??"]

1. d4 Nf6 2. Nf3 g6 3. Nc3 Bg7 4. e4 d6 5. Bc4 O-O 6. h4 Nbd7 7. e5 dxe5 8.
dxe5 Ng4 9. e6 Nde5 10. exf7+ Nxf7 11. Qe2 c6 12. h5 Bf5 13. hxg6 Bxg6 14. Be6
Nf6 15. Ne5 Qd6 16. Nc4 Qc7 17. g3 Kh8 18. Bf4 Qd8 19. g4 Nd5 20. Nxd5 cxd5 21.
Rd1 d4 22. Kf1 Qe8 23. Ne5 Nxe5 24. Bxe5 Qc6 25. Bxg7+ Kxg7 26. Qe5+ Rf6 27.
Bd5 Qxc2 28. Qxd4 Raf8 29. Rd2 Qc1+ 30. Kg2 Qc7 31. g5 Qf4 32. gxf6+ Rxf6 33.
Qxf4 Rxf4 34. Bxb7 a6 35. Re1 Rf7 36. Bxa6 h5 37. Bc4 Rf8 38. Rxe7+ Kh6 39. Rd6
Rg8 40. Bxg8 1-0

[Event "Gilbert"]
[Site "?"]
[Date "2019.07.23"]
[Round "3.3"]
[White "Mcintosh, Rachel"]
[Black "Castle, Aoife"]
[Result "1/2-1/2"]
[WhiteElo "1525"]
[BlackElo "1581"]
[PlyCount "55"]
[EventDate "2019.??.??"]

1. e4 e6 2. d4 d5 3. Nc3 Nf6 4. Bg5 Be7 5. e5 Nfd7 6. Bxe7 Qxe7 7. f4 c5 8. Nf3
a6 9. dxc5 Qxc5 10. Qd4 Nc6 11. Qxc5 Nxc5 12. O-O-O b5 13. Bd3 b4 14. Ne2 a5
15. Bb5 Bd7 16. Ned4 Rc8 17. g4 O-O 18. Nxc6 Bxc6 19. Bxc6 Rxc6 20. Nd4 Rcc8
21. f5 Rfe8 22. Rhe1 a4 23. Kb1 b3 24. a3 bxc2+ 25. Nxc2 Ne4 26. fxe6 fxe6 27.
Re2 Rb8 28. Nb4 {Scotland had no third player due to illness and forfeited
board 3. Irish player Castle came in as a "filler."} 1/2-1/2

[Event "Gilbert"]
[Site "?"]
[Date "2019.07.23"]
[Round "3.4"]
[White "Ferguson, Dayna"]
[Black "Toure, Shanthi"]
[Result "1/2-1/2"]
[WhiteElo "1624"]
[BlackElo "1915"]
[PlyCount "47"]
[EventDate "2019.??.??"]

1. d4 Nf6 2. Nf3 e6 3. Bf4 Be7 4. e3 d5 5. Nbd2 Nbd7 6. Bd3 a6 7. O-O Nh5 8.
Bg3 Nxg3 9. hxg3 O-O 10. c4 dxc4 11. Nxc4 c5 12. Qc2 g6 13. a4 cxd4 14. Nxd4
Nb6 15. Rfd1 Bd7 16. a5 Nxc4 17. Bxc4 Qc8 18. Rac1 Bc6 19. Qb3 Kh8 20. Rc3 Bf6
21. Rcd3 Be4 22. R3d2 Rd8 23. Qb4 Kg7 24. Qb3 1/2-1/2

[Event "Gilbert"]
[Site "?"]
[Date "2019.07.23"]
[Round "3.5"]
[White "El Barbry, Sarah"]
[Black "Mihaylova, Aliona"]
[Result "1-0"]
[WhiteElo "1857"]
[BlackElo "1575"]
[PlyCount "61"]
[EventDate "2019.??.??"]

1. e4 e5 2. Nf3 Nc6 3. d4 exd4 4. Bc4 Nf6 5. O-O Bb4 6. c3 dxc3 7. bxc3 Be7 8.
e5 Ne4 9. Qd5 O-O 10. Qxe4 b6 11. Rd1 Bb7 12. Qg4 Kh8 13. Qh3 f5 14. exf6 Bxf6
15. Bd3 h6 16. Qf5 g6 17. Qxg6 Qe7 18. Qxh6+ Kg8 19. Bc4+ Rf7 20. Qg6+ Bg7 21.
Bxf7+ Qxf7 22. Qxf7+ Kxf7 23. Rxd7+ Ne7 24. Bg5 Bf6 25. Bxf6 Kxf6 26. Nbd2 Rc8
27. Re1 Nd5 28. Ne4+ Ke6 29. Nc5+ Kf6 30. Nxb7 c5 31. Rxd5 1-0

[Event "Gilbert"]
[Site "?"]
[Date "2019.07.23"]
[Round "3.6"]
[White "Ryder, Kynesha"]
[Black "Randrianarimanana, Alicia"]
[Result "0-1"]
[WhiteElo "1510"]
[BlackElo "1800"]
[PlyCount "84"]
[EventDate "2019.??.??"]

1. e4 c5 2. Nc3 g6 3. f4 Bg7 4. Nf3 d6 5. Bc4 Nc6 6. O-O e6 7. d3 Nge7 8. Qe1
O-O 9. Qh4 d5 10. Bb3 Na5 11. a3 Nxb3 12. cxb3 Nc6 13. Qe1 b6 14. e5 f6 15. Bd2
fxe5 16. fxe5 Ba6 17. Qe2 Rf5 18. Rae1 Nxe5 19. Nxe5 Rxe5 20. Qf3 Rf5 21. Bf4
d4 22. g4 Rf8 23. Nb1 e5 24. Qc6 exf4 25. Qf3 Qd7 26. Nd2 Rae8 27. Ne4 Be5 28.
h3 Qe7 29. Kg2 Qf7 30. Qd1 f3+ 31. Rxf3 Qxf3+ 32. Qxf3 Rxf3 33. Kxf3 Rf8+ 34.
Ke2 Bf4 35. Rf1 Kg7 36. Rf2 Be3 37. Rh2 Bc1 38. a4 Bxb2 39. h4 Bc1 40. h5 gxh5
41. Rxh5 Re8 42. Rd5 Rxe4+ 0-1

[Event "Gilbert"]
[Site "?"]
[Date "2019.07.23"]
[Round "3.7"]
[White "Graham, Cassie M"]
[Black "Cordes, Jule"]
[Result "1-0"]
[WhiteElo "2005"]
[BlackElo "1554"]
[PlyCount "165"]
[EventDate "2019.??.??"]

1. e4 c5 2. Nc3 e6 3. d3 d5 4. g3 d4 5. Nce2 Nc6 6. Bg2 e5 7. Nf3 Bd6 8. O-O
Nge7 9. a4 Bg4 10. Nd2 Qd7 11. Nc4 Bc7 12. Bd2 h5 13. h4 f6 14. f3 Bh3 15. Bxh3
Qxh3 16. Rf2 Qe6 17. f4 O-O-O 18. Qf1 Rdg8 19. Kh2 Kb8 20. Qh3 Qxh3+ 21. Kxh3
Nc8 22. fxe5 Nxe5 23. Nxe5 Bxe5 24. Bf4 Bxf4 25. gxf4 Re8 26. Rg1 Re7 27. Rfg2
Rh7 28. Rb1 c4 29. b3 cxd3 30. cxd3 Rh8 31. Rc1 Rd8 32. f5 Nd6 33. Nf4 Rh8 34.
Ng6 Rhe8 35. Nxe7 Rxe7 36. Rgc2 b6 37. Rg1 Kb7 38. Rcg2 Ne8 39. Rc1 Nd6 40. b4
Ka6 41. Rc6 Rd7 42. Kh2 Kb7 43. Rc1 Re7 44. Kg1 Rd7 45. Kf1 Re7 46. Rgc2 Rd7
47. Rc6 Kb8 48. Ke2 Kb7 49. R6c2 Re7 50. Kf2 Rd7 51. Ra1 Re7 52. a5 Nb5 53. a6+
Kb8 54. Rac1 Re8 55. Rc4 Rd8 56. Kf3 Nc3 57. R4xc3 dxc3 58. Rxc3 Rd4 59. Rb3 b5
60. Ke3 Rd6 61. Ra3 Kc7 62. d4 Rc6 63. Kd3 Kd6 64. Ra5 Rb6 65. Ke3 Kc6 66. Ra3
Kd6 67. Kf4 Rc6 68. Ra5 Rb6 69. e5+ fxe5+ 70. dxe5+ Kd5 71. Ra1 Kc4 72. Rb1
Rxa6 73. e6 Rb6 74. Ke5 Rb8 75. e7 Kd3 76. Ke6 Ke4 77. Re1+ Kf4 78. Rd1 Re8 79.
Rd8 Rxe7+ 80. Kxe7 Kxf5 81. Rd5+ Kg4 82. Rd4+ Kg3 83. Kf7 1-0

[Event "Gilbert"]
[Site "?"]
[Date "2019.07.23"]
[Round "3.8"]
[White "Monteny, Pascalle"]
[Black "Raghavendra, Mahima"]
[Result "0-1"]
[WhiteElo "1535"]
[BlackElo "1731"]
[PlyCount "80"]
[EventDate "2019.??.??"]

1. e4 c5 2. b3 e6 3. Bb2 Nc6 4. Nc3 d5 5. d3 d4 6. Nb1 e5 7. Nf3 f5 8. Nbd2 Nf6
9. Be2 Bd6 10. O-O Qc7 11. Re1 O-O 12. Bf1 h6 13. Nc4 b5 14. Nxd6 Qxd6 15. a4
b4 16. Nd2 Be6 17. exf5 Bxf5 18. Ne4 Qe7 19. Bc1 Nd5 20. Bd2 Kh8 21. Be2 Bxe4
22. dxe4 Nc3 23. Bxc3 dxc3 24. Bc4 Rad8 25. Bd5 Nd4 26. Rc1 Qf6 27. f3 Qg5 28.
Kh1 Rd6 29. Rg1 Rg6 30. Qf1 h5 31. Qf2 h4 32. h3 Qf4 33. Bc4 Rg3 34. Be2 Rf6
35. Bd3 Rfg6 36. Rcd1 Nxf3 37. Rgf1 Rxg2 38. Qxg2 Rxg2 39. Kxg2 Qg3+ 40. Kh1
Qh2# 0-1

[Event "Gilbert"]
[Site "?"]
[Date "2019.07.23"]
[Round "3.9"]
[White "Bridgeman, Niamh"]
[Black "Van Essen, Marieke"]
[Result "0-1"]
[WhiteElo "1523"]
[BlackElo "1437"]
[PlyCount "70"]
[EventDate "2019.??.??"]

1. f4 d5 2. Nf3 g6 3. e3 Bg7 4. Be2 c5 5. O-O Nc6 6. d3 Nf6 7. Qe1 O-O 8. Ne5
Re8 9. Nd2 Nxe5 10. fxe5 Nd7 11. d4 cxd4 12. exd4 Qb6 13. Qf2 Rf8 14. Nf3 f6
15. exf6 Nxf6 16. c3 Ne4 17. Qe3 Bg4 18. h3 Bxf3 19. Bxf3 Rae8 20. Bxe4 Rxf1+
21. Kxf1 dxe4 22. Qxe4 e5 23. Qd5+ Kh8 24. dxe5 Rxe5 25. Qc4 Rf5+ 26. Ke2 Qf2+
27. Kd1 Qxg2 28. Bd2 Bh6 29. Qd4+ Kg8 30. Qd8+ Rf8 31. Qd3 Bxd2 32. Qc4+ Rf7
33. Rb1 Bg5 34. Qc8+ Kg7 35. Qc4 Qd2# 0-1